| 000 | 00666nam a2200217Ii 4500 | ||
|---|---|---|---|
| 003 | JO-AjNU | ||
| 008 | 230606s9999||||xx |||||||||||||| ||und|| | ||
| 017 | _a2005/20413 | ||
| 020 | _a977-5673-49-6 | ||
| 040 |
_aJO-AjNU _beng _erda _cJO-AjNU |
||
| 041 | _aeng | ||
| 050 | 1 | 4 | _aHF5415.2006 |
| 100 | 3 |
_aAbougomaah,Naeim H, _eauthor _92264 |
|
| 245 | 0 | 0 | _aMarketing :Arab and foreign perspectives |
| 264 | 3 | 1 | _aCairo: The Arab Administrative Development Organization,2006 |
| 300 |
_a622p _bIncludes indexes 605-622 p |
||
| 336 |
_atext _btxt _2rdacontent |
||
| 337 |
_aunmediated _bn _2rdamedia |
||
| 338 |
_avolume _bnc _2rdacarrier |
||
| 650 | 4 |
_a Marketing _92265 |
|
| 999 |
_aE1185 _c1185 _d1185 |
||